000 00470nam a2200181Ia 4500
003 LK-CoDNM
005 20240827101150.0
008 010623t1929 xxu||||| |||| 00| 1 eng d
040 _aLK-CoDNM
_dLK-CoDNM
_eLK-CoDNM
041 _aeng
080 _a22
_bN22
100 _aHeras, Rev. H.
245 _aBeginnings of Vijayanagara History
260 _bIndian Historical Research Institute
_aBombay
_c1929
300 _b144p. : 22 cm
650 _aHistory
942 _cBK
999 _c94655
_d94655